000 00359nam a2200157Ia 4500
001 23023
003 IN-NITTTR
005 20251114233259.0
008 251113s9999||||xx |||||||||||||| ||eng||
040 _beng
040 _cIN-NITTTR
041 _aeng
082 _a006.6 H237 C
245 0 _aComputer graphics :
_b a programming approach /
942 _2ddc
_cBK
999 _c25652
_d25652